000 01841pam a2200409 a 4500
001 1632681
003 OSt
005 20150408114229.0
008 960124s2008 ne a b 000 0 eng
010 _a 96000244
020 _a9780199689996
040 _aDLC
_cDLC
_dDLC
050 0 0 _aQC446.2
_b.N38 1995
082 0 0 _a535
_222
_bGJQ
100 _aGarrison, J. C.
245 0 0 _aQuantum optics /
_cJ. C. GARRISON
260 _aDordrecht ;
_aBoston :
_bKluwer Academic Publishers,
_c2008
300 _axxii, 393 p. :
_bill. ;
_c25 cm.
490 1 _aNATO ASI series. Series E, Applied sciences ;
_vvol. 314
500 _a"Proceedings of the NATO Advanced Study Institute on Quantum Optics of Confined Systems, Les Houches, France, May 23-June 2, 1995"--T.p. verso.
500 _a"Published in cooperation with the NATO Scientific Affairs Division."
504 _aIncludes bibliographical references.
650 0 _aQuantum optics.
650 0 _aQuantum electrodynamics.
650 0 _aSemiconductors.
650 0 _aSolids
_xOptical properties.
700 1 _aDucloy, M.
700 1 _aBloch, Daniel,
_d1957-
710 2 _aNorth Atlantic Treaty Organization.
_bScientific Affairs Division.
711 2 _aNATO Advanced Study Institute on Quantum Optics of Confined Systems
_d(1995 :
_cLes Houches, Haute-Savoie, France)
830 0 _aNATO ASI series.
_nSeries E,
_pApplied sciences ;
_vno. 314.
856 4 2 _3Publisher description
_uhttp://www.loc.gov/catdir/enhancements/fy0822/96000244-d.html
856 4 1 _3Table of contents only
_uhttp://www.loc.gov/catdir/enhancements/fy0822/96000244-t.html
906 _a7
_bcbc
_corignew
_d1
_eocip
_f19
_gy-gencatlg
942 _2ddc
_cBOOK
999 _c36250
_d270750